000 01051nam a2200265Ia 4500
003 OSt
005 20220923211540.0
006 a|||||r|||| 00| 0
007 ta
008 220922b |||||||| |||| 00| 0 hin d
020 _a9789383234493 (hbk)
_c690
024 _a348,736
037 _b11095, 14/03/2019, Kitab Ghar
_cTextual
040 _aARTS
_cARTS
_bhin
041 _2hin
_ahin
082 _aO152,1:g, Q6
100 _aश्रीवास्तव, जगदीश नारायण, ले.
_9160752
245 0 _aइक्कीसवीं सदी कविता और समाज
246 _aIkkīsavīan sadī kavitā aur samāja
260 _aदिल्ली
_b अमरसत्य प्रकाशन
_c2016
650 _a हिन्दी साहित्य
_9156264
650 _aहिन्दी कविता
942 _hO152,1:g, Q6
_cTEXL
_2CC
999 _c300678
_d300678